The problem of order : what unites and divides society

Αποθηκεύτηκε σε:
Λεπτομέρειες βιβλιογραφικής εγγραφής
Κύριος συγγραφέας: Wrong, Dennis Hume
Μορφή: Βιβλίο
Γλώσσα:English
Δημοσίευση: Cambridge : Harvard University Press, c1994
Θέματα:
Ετικέτες: Προσθήκη ετικέτας
Δεν υπάρχουν, Καταχωρήστε ετικέτα πρώτοι!

MARC

LEADER 00000nam a2200000 i 4500
001 1/26501
008 981217s1994 eng d
020 |a 0-674-70777-X 
035 |l 10037594 
040 |a GR-MY-UA  |b gre  |e aacr 
041 0 |a eng 
082 0 |a 303.6 
100 1 |a Wrong, Dennis Hume. 
245 1 4 |a The problem of order :  |b what unites and divides society /  |c Dennis H. Wrong 
260 |a Cambridge :   |b Harvard University Press,   |c c1994 
300 |a 354 p. 
504 |a Includes bibliographical references and index 
650 0 0 |a Solidarity. 
650 0 0 |a Social conflict. 
650 0 0 |a Social structure. 
650 0 0 |a Sociology  |x Philosophy. 
852 |a INST  |b LESVOS  |e 19981217  |h 303.6 WRO  |p 005100017317  |q 005100017317  |t BK  |y 0 
901 |a BIBL-1999-1 
909 |a Λ  |b 060969 
922 |a 1ΕΛΗ  |b 199811  |c ΚΠΣ/ΤΚ  |d ΠΑΠΑΣΩΤΗΡΙΟΥ 
950 |a 103-1998-07-27